The Forever Story Tracklist (JID) - Statistics

General Stats
  • This quiz has been taken 172 times
  • The average score is 13 of 16
Answer Stats
Hint Answer % Correct
6 (ft 21 Savage, Baby Tate) Surround Sound
95%
11 (ft Yasiin Bey) Stars
94%
3 (ft Kenny Mason) Dance Now
90%
2 Raydar
90%
9 Sistanem
90%
8 (ft Lil Durk) Bruddanem
88%
16 2007
86%
1 Galaxy
84%
4 Crack Sandwich
82%
5 (ft EARTHGANG) Can't Punk Me
79%
12 (ft Kenny Mason, Lil Wayne) Just In Time
76%
13 Money
74%
10 (ft Ari Lennox) Can't Make U Change
72%
7 Kody Blu 31
71%
15 (ft Ravyn Lenae, Eryn Allen Kane) Lauder Too
67%
14 (ft Johnta Austin) Better Days
58%
No matching quizzes found
Score Distribution
Percent of People with Each Score
Percentile by Number Answered
Your Score History
You have not taken this quiz